Spam The Letter C - Statistics

General Stats
  • This quiz has been taken 267 times
  • The average score is 18 of 21
Answer Stats
Level SPAMMMM % Correct
START c
100%
super duper duper easy cc
100%
super duper easy ccc
99%
super easy cccc
99%
very easy ccccc
98%
pretty easy cccccc
98%
easy ccccccc
98%
not very easy cccccccc
98%
kinda easy ccccccccc
97%
somewhat easy ccccccccccc
96%
midium cccccccccccc
96%
not hard ccccccccccccc
96%
not too hard cccccccccccccccc
96%
somewhat hard cccccccccccccccccc
94%
kinda hard cccccccccccccccccccccc
94%
hard ccccccccccccccccccccccccccc
89%
very hard cccccccccccccccccccccccccccccccccc
74%
super hard cccccccccccccccccccccccccccccccccccc
61%
super duper hard ccccccccccccccccccccccccccccccccccccccc
54%
super duper duper hard ccccccccccccccccccccccccccccccccccccccccccccc
50%
IMPOSSIBLE cccccccccccccccccccccccccccccccccccccccccccccccc
48%
No matching quizzes found
Score Distribution
Percent of People with Each Score
Percentile by Number Answered
Your Score History
You have not taken this quiz